Regions: statistical yearbook 2001 general statistics

Salvato in:
Dettagli Bibliografici
Ente Autore: Eurostat
Natura: Libro
Lingua:inglese
Pubblicazione: Luxembourg Office for Official Publications of the European Communities 2001
Serie:Panorama of the European Union
Soggetti:
Tags: Aggiungi Tag
Nessun Tag, puoi essere il primo ad aggiungerne!!

MARC

LEADER 00000nam a2200000 4500
001 0046811
005 20221221130541.4
041 0 |a eng 
044 |a LU 
245 1 0 |a Regions: statistical yearbook 2001  |b general statistics 
264 1 |a Luxembourg  |b Office for Official Publications of the European Communities  |c 2001 
300 |a CD-ROM 
490 1 |a Panorama of the European Union 
830 0 |a Panorama of the European Union 
610 2 0 |a Európska únia 
610 2 0 |a regióny 
610 2 0 |a poľnohospodárstvo 
610 2 0 |a populácia 
610 2 0 |a výroba 
610 2 0 |a sily pracovné 
610 2 0 |a veda 
610 2 0 |a technika 
610 2 0 |a turistika 
610 2 0 |a ruch cestovný 
610 2 0 |a doprava 
610 2 0 |a nezamestnanosť 
710 2 |a Eurostat